000 00879cam a22002897a 4500
003 CHAP
005 20220329133905.0
008 971013s1923 r 00010 d
010 _a12320
011 _a13292
035 _a17363
040 _cCHAP
082 _a334.5
_bG53Y
100 0 0 _aGide, Charles.
_947895
245 1 4 _aLas sociedades cooperativas de consumo
260 _aMéxico, D.F. :
_bC. Rivadeneyra,
_c1923
300 _a350 p.
590 _aBATCH-UPD
_b10
_c20130110
_lUCH01
_h0329
590 _aBATCH-UPD
_b10
_c20130110
_lUCH01
_h2234
590 _aCONVERSION
_b10
_c20130109
_lUCH01
_h1308
650 1 4 _aSociedades cooperativas
_xColima.
_9108124
650 1 4 _aSociedades cooperativas
_xFrancia.
_9108130
901 _aBK
942 _cLIBRO
949 _a334.5 G53Y
_bBC
_cBPA
_d-41026
_eBPA
_i17363
_si
949 _a334.5 G53Y
_bBC
_cBPA
_d-41028
_eBPA
_fc.2
_i17363
_si
999 _c12320
_d12320